BUBT Library Online Catalog

বাংলাদেশের গণমাধ্যম আইন ও বিধিমালা / (Record no. 7085)

000 -LEADER
fixed length control field 00813nam a22002177a 4500
003 - CONTROL NUMBER IDENTIFIER
control field BUBTL
008 - FIXED-LENGTH DATA ELEMENTS--GENERAL INFORMATION
fixed length control field 230911b ||||| |||| 00| 0 eng d
020 ## - INTERNATIONAL STANDARD BOOK NUMBER
International Standard Book Number 984050172
041 ## - LANGUAGE CODE
Language code of text/sound track or separate title বাংলা
082 ## - DEWEY DECIMAL CLASSIFICATION NUMBER
Classification number 343.5492099/ H211b/ 1996
100 ## - MAIN ENTRY--PERSONAL NAME
9 (RLIN) 5451
Personal name হক, আবু নছর মোঃ গাজীউল
245 ## - TITLE STATEMENT
Title বাংলাদেশের গণমাধ্যম আইন ও বিধিমালা /
Remainder of title আবু নছর মোঃ গাজীউল হক
250 ## - EDITION STATEMENT
Edition statement ১ম সং
260 ## - PUBLICATION, DISTRIBUTION, ETC. (IMPRINT)
Place of publication, distribution, etc. ঢাকা
Name of publisher, distributor, etc. ইউনিভার্সিটি প্রেস লিমিটেড
Date of publication, distribution, etc. c১৯৯৬
300 ## - PHYSICAL DESCRIPTION
Extent 235p. :
Other physical details ill. ; 21 cm.
526 ## - STUDY PROGRAM INFORMATION NOTE
Program name Law
650 #0 - SUBJECT ADDED ENTRY--TOPICAL TERM
9 (RLIN) 26
Topical term or geographic name as entry element Law
856 ## - ELECTRONIC LOCATION AND ACCESS
Password 0
Logon 0
Link text Download
942 ## - ADDED ENTRY ELEMENTS (KOHA)
Source of classification or shelving scheme
Koha item type Books
Holdings
Withdrawn status Lost status Source of classification or shelving scheme Damaged status Not for loan Collection code Permanent location Current location Shelving location Date acquired Source of acquisition Inventory number Total Checkouts Full call number Barcode Date last seen Copy number Price effective from Koha item type
          Non-fiction Bangladesh University of Business and Technology Library Bangladesh University of Business and Technology Library Law Stacks 07/25/2003 Purchase 16437   343.5492099/ H211b/ 1996 BUBTL-200316437 09/11/2023 C-1 09/11/2023 Books
          Non-fiction Bangladesh University of Business and Technology Library Bangladesh University of Business and Technology Library Law Stacks 07/25/2003 Purchase 16438   343.5492099/ H211b/ 1996 BUBTL-200316438 09/11/2023 C-2 09/11/2023 Books
        Not For Loan Non-fiction Bangladesh University of Business and Technology Library Bangladesh University of Business and Technology Library Law Stacks 07/25/2003 Purchase 16439   343.5492099/ H211b/ 1996 BUBTL-200316439 09/11/2023 C-3 09/11/2023 Books
          Non-fiction Bangladesh University of Business and Technology Library Bangladesh University of Business and Technology Library Law Stacks 07/25/2003 Purchase 16440   343.5492099/ H211b/ 1996 BUBTL-200316440 09/11/2023 C-4 09/11/2023 Books

More Information About Library

Library Hours

  • Open: 9.00 am. to 9.00 pm.
  • Only Sunday: 9.00 am. to 6.00 pm.
  • Closed: Holiday

Contact to the University

Bangladesh University of Business and Technology Library

  • Mirpurl-2, 1216.
  • Phone:
  • Fax:
  • E-Mail: admin.library@bubt.edu.bd

Contact to the Library

Contact Person:

Md. Abdul Hakim Shah
Joint Librarian
PABX No:  113
Cell No: 01816332931
E-mail: official: admin.library@bubt.edu.bd
Personal: hakim.shah@bubt.edu.bd


BUBT Library

Copyright © 2021